İnternette ırkçılık / (Record no. 12709)

MARC details
000 -BAŞLIK
Sabit Uzunlukta Kontrol Alanı 00715nam a22002297a 4500
999 ## - SİSTEM KONTROL NUMARALARI (KOHA)
Koha Biblionumber 12709
Koha Biblioitemnumber 12709
003 - KONTROL NUMARASI IDENTIFIER
Denetim Alanı MIRAKIL
005 - SON İŞLEM TARİHİ VE ZAMANI
Denetim Alanı 20190207114450.0
008 - SABİT-BOY VERİ ELEMANLARI - GENEL BİLGİLER
Sabit Uzunlukta Kontrol Alanı 190207b tu ||||| |||| 00| 0 tur d
020 ## - ULUSLARARASI STANDART KİTAP NUMARASI
Uluslararası Standart Kitap Numarası 9786053993858
040 ## - KATALOGLAMA KAYNAK
Orijinal Kataloglama Ajansı TR-AnCHP
Metne Dönüştürmek Ajansı TR-AnCHP
041 0# - DİL KODU
Metin / Ses Parça Veya Ayrı Başlığın Dil Kodu tur
082 04 - DEWEY ONLU SINIFLANDIRMA NUMARASI
Sınıflandırma Numarası 343.0994
Ürün Numarası A42i 2016
100 ## - ANA GİRİŞ - KİŞİSEL İSİM
Kişisel Ad Akdeniz, Yaman
245 ## - BAŞLIK TABLOSU
Başlık İnternette ırkçılık /
Sorumluluk Tablosu, Vb Yaman Akdeniz
260 ## - YAYIN, DAĞITIM, VB
Yayın, Dağıtım, Vb Yeri İstanbul :
Yayıncı, Dağıtıcı, Vs Adı İstanbul Bilgi Üniversitesi,
Yayın, Dağıtım, Vb Tarihi 2016.
300 ## - FİZİKSEL TANIM
Kapsam vii, 203 s. ;
Boyutlar 23 sm.
490 ## - SERİSİ TABLOSU
Seri Beyanı İstanbul Bilgi Üniversitesi Yayınları ;
-- Hukuk ;
Hacim / Ardışık Tanımı 543.
-- 27.
504 ## - KAYNAKÇA VB NOT
Kaynakça Vb Notu Kaynakça ve dizin vardır.
650 04 - KONU KATMA GİRİŞ - TOPİKAL DÖNEM
Topikal Süreli Veya Coğrafi Ad Giriş Elemanı İnternet
Genel Alt Bölümü Hukuk ve mevzuat
Coğrafi Alt Bölümü Avrupa
650 00 - KONU KATMA GİRİŞ - TOPİKAL DÖNEM
Topikal Süreli Veya Coğrafi Ad Giriş Elemanı Irkçılık
Genel Alt Bölümü Avrupa
9 (RLIN) 5147
942 ## - EKLENDİ GİRİŞ ELEMANLARI (KOHA)
Sınıflandırma Veya Raf Düzeni Kaynak Dewey Decimal Classification
Koha Öğesi Türü Books
Holdings
Kalıcı Konum Mevcut Konum Edinme Tarihi Edinim Kaynak Toplam Check-Out'Lar Tam Çağrı Numarası Barkod Tarih Son Görülme İtibaren Geçerli Fiyatlar Sigara Kamu Notu Koha Öğesi Türü
CHP Kütüphanesi CHP Kütüphanesi 02/07/2019 Bağış   343.0994 A42i 2016 018818 02/07/2019 02/07/2019 Kemal Kılıçdaroğlu bağışıdır. Books